Presidential Popular Vote Quiz Stats

 Plays Quiz Updated Nov 8, 2016

Score 0/20 Timer 04:00
1 Play Today
Rank Candidate % Correct
3George W. Bush
97.6%
7George H. W. Bush
97.5%
10Hillary Clinton
96.6%
1Barack Obama
95.7%
6Bill Clinton
95.1%
11Donald Trump
91.8%
5Ronald Reagan
91.5%
2Richard Nixon
90.4%
4Franklin D. Roosevelt
87.5%
8Jimmy Carter
85.6%
Rank Candidate % Correct
9Dwight Eisenhower
76.3%
18Lyndon B. Johnson
74.1%
20Gerald Ford
72.8%
16Al Gore
72.3%
12Mitt Romney
71.5%
13John McCain
62.3%
14John Kerry
57.3%
19Michael Dukakis
42%
17Thomas Dewey
31.4%
15Adlai Stevenson
30.4%

You're not logged in!

Compare scores with friends on all Sporcle quizzes.
OR
Log In

Sporcle TV

Today on Sporcle TV


Watch our educational content, quiz creation guides, and fun videos on Sporcle TV.

Show Comments

Extras

Top Quizzes Today


Score Distribution

Your Account Isn't Verified!

In order to create a playlist on Sporcle, you need to verify the email address you used during registration. Go to your Sporcle Settings to finish the process.

Report this User

Report this user for behavior that violates our Community Guidelines.

Details: